Les 10 prénoms des garçons qui ont les plus gros QI - Statistiques

Statistiques générales
  • Ce quiz a été pris 32 fois
  • Le résultat moyen est 2 sur 10
Statistiques - réponses
TOP QI moyen Prénoms % Correct
9 130 Paul
58%
7 136 Charles
42%
4 153 Thomas
39%
1 171 John
16%
6 140 Richard
13%
5 148 George
10%
3 156 James
6%
10 129 Michael
6%
2 163 Robert
6%
8 131 Carl
3%
Aucun quiz correspondant
Distribution des résultats
% des personnes avec chaque résultat
Percentile par nombre de réponses
Votre historique - résultats
Vous n’avez pas pris ce quiz